Kombinovaný merač tepla CALMEX

Bibliographic Details
Corporate Author: PREMEX (Stará Turá, Slovensko) (Author)
Format: Book
Language:Slovak
PhysicalDescription:[12] s. fotogr., grafy, obr., tab. 30 cm
Published: [Stará Turá PREMEX 1996]
Subjects:

MARC

LEADER 00000nam a2200000 a 4500
001 vtls001220090
003 SK-MaSNL
005 20260301112530.0
008 160414s1996 xo a y 0 slo
015 |a SNBF1996/0201004 
035 |a SNK000164688 
040 |a SNK  |b slo  |c SNK  |e AACR2 
041 0 |a slo 
044 |a xo  |c SK 
080 |a 681.125:658.11(085)  |2 1981 
080 |a 658.11  |2 1981 
110 0 |a PREMEX (Stará Turá, Slovensko)  |4 aut  |9 33046 
245 1 |a Kombinovaný merač tepla CALMEX 
260 |a [Stará Turá  |b PREMEX  |c 1996] 
300 |a [12] s.  |b fotogr., grafy, obr., tab.  |c 30 cm 
610 0 7 |a PREMEX  |a Stará Turá, Slovensko  |x merače tepla kombinované  |x prospekty firemné  |2 SNK  |9 453391 
611 1 7 |a PREMEX  |a Stará Turá, Slovensko  |x merače tepla kombinované  |x prospekty firemné  |2 SNK  |9 453392 
650 0 7 |a merače tepla kombinované  |x CALMEX (merač tepla kombinovaný)  |x prospekty firemné  |2 SNK  |9 453393 
958 |a FFP 
958 |a TL 
958 |a BQ 
999 |c 710798  |d 712728 
952 |t P60, <03>, [BOOK], {603}  |a SNK  |b SNK  |y PREZ  |7 0  |p 17A0008712  |o snkOSB 11043  |i snkKSP 6903/96  |0 0  |1 0  |4 0  |d 1996-09-02  |l 0  |r 2005-01-01 00:00:00  |w 2026-02-23 
952 |t P60, <04>, [BOOK], {604}  |a SNK  |b SNK  |y VYP  |7 0  |p 17A0008711  |o snkOSB 11043 D1  |i snkKSP 6904/96  |0 0  |1 0  |4 0  |d 1996-09-02  |l 0  |r 2005-01-01 00:00:00  |w 2026-02-23